Statystyki dla Familiada - największe państwa na świecie

Kliknij tutaj aby rozwiązać quiz!

Ogólne statystyki

  • Ten quiz został rozwiązany 212 razy
  • Średni wynik to 54 z 57

Odpowiedzi na mapie

Odpowiedzi skodowane kolorowo w zielono-czerwonej skali na mapie do tego quizu, zgodnie z poniższymi procentami.
 

Statystyki odpowiedzi

% Poprawnych
Rosja
99%
Rosja
99%
Rosja
99%
Rosja
99%
Rosja
99%
Rosja
99%
Rosja
99%
Rosja
99%
Rosja
99%
Rosja
99%
Rosja
99%
Rosja
99%
Rosja
99%
Rosja
99%
Rosja
99%
Rosja
99%
Chiny
97%
Chiny
97%
Chiny
97%
Chiny
97%
Chiny
97%
Chiny
97%
Chiny
97%
Chiny
97%
Stany Zjednoczone
97%
Stany Zjednoczone
97%
Stany Zjednoczone
97%
Stany Zjednoczone
97%
Stany Zjednoczone
97%
Stany Zjednoczone
97%
Stany Zjednoczone
97%
Stany Zjednoczone
97%
Stany Zjednoczone
97%
Stany Zjednoczone
97%
Stany Zjednoczone
97%
Kanada
96%
Kanada
96%
Kanada
96%
Kanada
96%
Kanada
96%
Kanada
96%
Kanada
96%
Kanada
96%
Kanada
96%
Kanada
96%
Kanada
96%
Kanada
96%
Kanada
96%
Kanada
96%
Brazylia
87%
Brazylia
87%
Brazylia
87%
Brazylia
87%
Brazylia
87%
Australia
78%
Australia
78%
Australia
78%

Rozkład punktacji

Percentyl według liczby udzielonych odpowiedzi

Procent ludzi z każdym wynikiem

Twoja historia wyników

Nie rozwiązałeś tego quizu